<?xml version="1.0" encoding="UTF-8"?><?xml-stylesheet type="text/xsl" href="static/style.xsl"?><OAI-PMH xmlns="http://www.openarchives.org/OAI/2.0/" xmlns:xsi="http://www.w3.org/2001/XMLSchema-instance" xsi:schemaLocation="http://www.openarchives.org/OAI/2.0/ http://www.openarchives.org/OAI/2.0/OAI-PMH.xsd"><responseDate>2026-05-17T00:18:31Z</responseDate><request verb="GetRecord" identifier="oai:repisalud.isciii.es:20.500.12105/17228" metadataPrefix="marc">https://repisalud.isciii.es/rest/oai/request</request><GetRecord><record><header><identifier>oai:repisalud.isciii.es:20.500.12105/17228</identifier><datestamp>2024-09-28T02:51:21Z</datestamp><setSpec>com_20.500.12105_2052</setSpec><setSpec>com_20.500.12105_2051</setSpec><setSpec>col_20.500.12105_19617</setSpec></header><metadata><record xmlns="http://www.loc.gov/MARC21/slim" xmlns:dcterms="http://purl.org/dc/terms/" xmlns:doc="http://www.lyncode.com/xoai" xmlns:xsi="http://www.w3.org/2001/XMLSchema-instance" xsi:schemaLocation="http://www.loc.gov/MARC21/slim http://www.loc.gov/standards/marcxml/schema/MARC21slim.xsd">
   <leader>00925njm 22002777a 4500</leader>
   <datafield ind2=" " ind1=" " tag="042">
      <subfield code="a">dc</subfield>
   </datafield>
   <datafield ind2=" " ind1=" " tag="720">
      <subfield code="a">Coronel Lopez, Raquel</subfield>
      <subfield code="e">author</subfield>
   </datafield>
   <datafield ind2=" " ind1=" " tag="720">
      <subfield code="a">Rosca, Andreea</subfield>
      <subfield code="e">author</subfield>
   </datafield>
   <datafield ind2=" " ind1=" " tag="720">
      <subfield code="a">González-Sastre, Rosa</subfield>
      <subfield code="e">author</subfield>
   </datafield>
   <datafield ind2=" " ind1=" " tag="720">
      <subfield code="a">Mateos-Martínez, Patricia</subfield>
      <subfield code="e">author</subfield>
   </datafield>
   <datafield ind2=" " ind1=" " tag="720">
      <subfield code="a">Gallego, Marta Ines</subfield>
      <subfield code="e">author</subfield>
   </datafield>
   <datafield ind2=" " ind1=" " tag="720">
      <subfield code="a">Liste-Noya, Isabel</subfield>
      <subfield code="e">author</subfield>
   </datafield>
   <datafield ind2=" " ind1=" " tag="720">
      <subfield code="a">López-Alonso, Victoria</subfield>
      <subfield code="e">author</subfield>
   </datafield>
   <datafield ind2=" " ind1=" " tag="260">
      <subfield code="c">2023</subfield>
   </datafield>
   <datafield ind2=" " ind1=" " tag="520">
      <subfield code="a">Numerous studies have focused on the pathophysiological role of amyloid precursor protein (APP) in Alzheimer's disease (AD), being the aggregation of β-amyloid (Aβ) peptide a central event. However, many authors consider that alterations in physiological functions of APP are likely to play a key role in AD pathogenesis. APP is a glycoprotein expressed ubiquitously in a wide variety of tissues, being especially abundant in the brain. The APP expression is detected at early stages of nervous system development, as well as in adult brain, suggesting that this protein plays a key and important role at various stages of life. Previous studies in our laboratory revealed that APP playing an important role on differentiation of human neural stem cells (hNSCs), favoring glial differentiation (gliogenesis), and preventing the differentiation of them towards neuronal phenotype (neurogenesis). In that case, we proposed to the APP/AICD/GSK-3β system as a possible molecular mechanism involved in the observed effects. However, given the multifunctionality of APP, we think that other molecular mechanisms could also be implicated. In the present study, we have evaluated the effects of APP overexpression in hNSCs at a global level by a transcriptomic analysis using the massive RNA sequencing (RNA-seq) technology. Specifically, we have focused on differentially expressed genes (DEGs) that are related to neuronal and glial differentiation processes, as well as on groups of DEGs associated with different signaling pathways, to find a possible interaction between them and APP. Our data indicate a differential expression in genes related to gliogenesis and neurogenesis processes, as well as in the pathways of Notch signaling, Wnt signaling, PI3K-AKT signaling, and JAK-STAT signaling, among other. The knowledge of physiological functions of APP, as well as the possible signaling pathways that could be implicated, are essential to advance the understanding of the pathogenesis of AD.</subfield>
   </datafield>
   <datafield ind1="8" ind2=" " tag="024">
      <subfield code="a">IBRO Neuroscience Reports. 2023;15(S1):S172.</subfield>
   </datafield>
   <datafield ind1="8" ind2=" " tag="024">
      <subfield code="a">10.1016/j.ibneur.2023.08.251</subfield>
   </datafield>
   <datafield ind1="8" ind2=" " tag="024">
      <subfield code="a">2667-2421</subfield>
   </datafield>
   <datafield ind1="8" ind2=" " tag="024">
      <subfield code="a">IBRO Neuroscience Reports</subfield>
   </datafield>
   <datafield ind1="8" ind2=" " tag="024">
      <subfield code="a">http://hdl.handle.net/20.500.12105/17228</subfield>
   </datafield>
   <datafield tag="653" ind2=" " ind1=" ">
      <subfield code="a">RNA-seq</subfield>
   </datafield>
   <datafield tag="653" ind2=" " ind1=" ">
      <subfield code="a">Alzheimer’s disease</subfield>
   </datafield>
   <datafield tag="653" ind2=" " ind1=" ">
      <subfield code="a">Amyloid protein</subfield>
   </datafield>
   <datafield tag="653" ind2=" " ind1=" ">
      <subfield code="a">Human neural stem cells</subfield>
   </datafield>
   <datafield ind2="0" ind1="0" tag="245">
      <subfield code="a">RNA-SEQ analysis reveals the implication of Amyloid Precursor Protein (APP) in cell fate specification of human neural Stem Cells by several Signaling Pathways. IBRO Neuroscience Reports</subfield>
   </datafield>
</record></metadata></record></GetRecord></OAI-PMH>